Dózsa György Illyés Gyula drámája a szabadtérin /
Elmentve itt :
| Szerző: | |
|---|---|
| Dokumentumtípus: | Cikk |
| Megjelent: |
1971-08-17
|
| Sorozat: | Délmagyarország
61 No. 193 |
| Kulcsszavak: | Szabadtéri Játékok 1969-1973 |
| Online Access: | http://dmarchiv.bibl.u-szeged.hu/122737 |
| LEADER | 00499nab a2200157 i 4500 | ||
|---|---|---|---|
| 001 | delm122737 | ||
| 005 | 20190410131913.0 | ||
| 008 | 190410s1971 hu o 0|| hun d | ||
| 040 | |a SZTE Délmagyarország Archívum |b hun | ||
| 041 | |a hun | ||
| 100 | 1 | |a Ökrös László | |
| 245 | 1 | 0 | |a Dózsa György |h [elektronikus dokumentum] : |b Illyés Gyula drámája a szabadtérin / |c Ökrös László |
| 260 | |c 1971-08-17 | ||
| 300 | |a 5 | ||
| 490 | 0 | |a Délmagyarország |v 61 No. 193 | |
| 695 | |a Szabadtéri Játékok 1969-1973 | ||